| 000 | 00000nas##2200000za#4500 |
|---|---|
| 001 | 9.500868 |
| 003 | CaOODSP |
| 005 | 20200331212353 |
| 007 | cr ||||||||||| |
| 008 | 150406c2001||||xxc|| m o||||f| |0fre|d |
| 040 | |aCaOODSP|bfre |
| 043 | |an-cn--- |
| 086 | 1 |aH113-11F-PDF |
| 110 | 1 |aCanada.|bSanté Canada. |bAgence de réglementation de la lutte antiparasitaire. |
| 245 | 10|aALENA examen conjoint |h[ressource électronique] |
| 260 | |aOttawa - Ontario : |bSanté Canada. |
| 310 | |aIrrégulier |
| 775 | 08|tNAFTA joint review |w(CaOODSP)9.504450 |
| 776 | 0#|tALENA examen conjoint (Série NAFTA-JR) |w(CaOODSP)9.513053 |